Experimental investigation of Smith-Purcell radiation focusing by using the parabolic gratings; International Journal of Modern Physics A; Vol. 25, iss. 01 : supplementary issue
| Parent link: | International Journal of Modern Physics A.— , 1986- Vol. 25, iss. 01 : supplementary issue.— 2010.— P. 217-223 |
|---|---|
| Outros Autores: | , , , |
| Resumo: | The Smith–Purcell radiation generated by relativistic electrons has been studied experimentally. To investigate the posibility of radiation focusing in the pre-wave zone two types of concave gratings focusing radiation in azimuthal and polar planes have been used. Comparison of radiation characteristics of such gratings with the flat grating ones in the same conditions has showed that application of concave gratings may significantly increase coherent Smith–Purcell radiation spatial density. В фонде НТБ ТПУ отсутствует |
| Idioma: | inglês |
| Publicado em: |
2010
|
| Assuntos: | |
| Formato: | Capítulo de Livro |
| KOHA link: | https://koha.lib.tpu.ru/cgi-bin/koha/opac-detail.pl?biblionumber=599995 |
MARC
| LEADER | 00000naa0a2200000 4500 | ||
|---|---|---|---|
| 001 | 599995 | ||
| 005 | 20250127112056.0 | ||
| 035 | |a (RuTPU)RU\TPU\tpu\24176 | ||
| 035 | |a RU\TPU\tpu\24175 | ||
| 090 | |a 599995 | ||
| 100 | |a 20131216d2010 k||y0rusy50 ba | ||
| 101 | 0 | |a eng | |
| 102 | |a GB |a SG | ||
| 200 | 1 | |a Experimental investigation of Smith-Purcell radiation focusing by using the parabolic gratings |f G. A. Naumenko [et al.] | |
| 330 | |a The Smith–Purcell radiation generated by relativistic electrons has been studied experimentally. To investigate the posibility of radiation focusing in the pre-wave zone two types of concave gratings focusing radiation in azimuthal and polar planes have been used. Comparison of radiation characteristics of such gratings with the flat grating ones in the same conditions has showed that application of concave gratings may significantly increase coherent Smith–Purcell radiation spatial density. | ||
| 333 | |a В фонде НТБ ТПУ отсутствует | ||
| 461 | |t International Journal of Modern Physics A |d 1986- | ||
| 463 | |t Vol. 25, iss. 01 : supplementary issue |v P. 217-223 |d 2010 | ||
| 610 | 1 | |a труды учёных ТПУ | |
| 701 | 1 | |a Naumenko |b G. A. |c physicist |c senior research fellow of Tomsk Polytechnic University |f 1947- |g Gennadiy Andreevich |3 (RuTPU)RU\TPU\pers\31524 | |
| 701 | 1 | |a Potylitsyn |b A. P. |c Russian physicist |c Professor of the TPU |f 1945- |g Alexander Petrovich |3 (RuTPU)RU\TPU\pers\26306 |9 12068 | |
| 701 | 1 | |a Sukhikh |b L. G. |c physicist |c Professor of Tomsk Polytechnic University, Doctor of Sciences |f 1984- |g Leonid Grigorievich |3 (RuTPU)RU\TPU\pers\31554 |9 15714 | |
| 701 | 1 | |a Popov |b Yu. A. |c physicist |c design engineer of Tomsk Polytechnic University |f 1985- |g Yuriy Anatolevich |3 (RuTPU)RU\TPU\pers\31528 | |
| 801 | 1 | |a RU |b 63413507 |c 20131216 | |
| 801 | 2 | |a RU |b 63413507 |c 20140129 |g RCR | |
| 942 | |c CR | ||